000 00517nam a2200133Ia 4500
008 100415s9999 xx 000 0 und d
082 _b14920
_a570.5
245 _aThe American Naturalist: 014915 Vol. 134 (1-3) 1989 p.1-512: Vol. 136 (4-6) 1990 p.429-856
260 _c0
365 _b0
630 _aThe American Naturalist: 014915 Vol. 134 (1-3) 1989 p.1-512: Vol. 136 (4-6) 1990 p.429-856
730 _aThe American Naturalist: 014915 Vol. 134 (1-3) 1989 p.1-512: Vol. 136 (4-6) 1990 p.429-856
942 _cBOOK
999 _c597818
_d597815